Propuesta de estrategias de marketing para la comercialización de llantas, en la Compañía Reyes Olivas (Reyoli)
El propósito de este trabajo, es la propuesta de estrategias de marketing que contribuye al posicionamiento competitivo de REYOLI en la ciudad de Managua. Incluye diagnóstico organizacional, definición del mercado actual y un plan de acción de marketing.
| Main Authors: | , |
|---|---|
| Other Authors: | |
| Format: | Tesis Section = Libro |
| Language: | Undetermined Spanish |
| Published: |
Managua
UNI
2002
|
| Subjects: |
| LEADER | 00989nam a2200241Ia 4500 | ||
|---|---|---|---|
| 008 | 240830s9999 xx 000 0 und d | ||
| 040 | |a BIBLIOTECA-RUPAP Mon 658.809 U81 | ||
| 041 | |a spa | ||
| 082 | |a Mon 658.809 U81 | ||
| 100 | 1 | |a Urroz Reyes, Anielka Mariela | |
| 100 | 1 | |b Iglesias Rayo, Denis Alberto | |
| 245 | 1 | 0 | |a Propuesta de estrategias de marketing para la comercialización de llantas, en la Compañía Reyes Olivas (Reyoli) |
| 260 | |a Managua |b UNI |c 2002 | ||
| 300 | |a 61 p. :il. | ||
| 500 | |a Contiene: anexos. | ||
| 502 | |a Tesis (Ingeniero de Sistemas)- UNI, 2002. | ||
| 520 | 3 | |a El propósito de este trabajo, es la propuesta de estrategias de marketing que contribuye al posicionamiento competitivo de REYOLI en la ciudad de Managua. Incluye diagnóstico organizacional, definición del mercado actual y un plan de acción de marketing. | |
| 650 | 7 | |a COMERCIO-ESTRATEGIAS | |
| 650 | 7 | |b MERCADO | |
| 700 | 1 | |a Tutor: | |
| 942 | |c BK |2 ddc | ||
| 991 | |a TESIS | ||
| 999 | |c 17655 | ||